|
|
|
|
| LEADER |
00000nam0a2200000 4500 |
| 001 |
179526 |
| 005 |
20231031170402.0 |
| 010 |
|
|
|a 5020108723
|
| 020 |
|
|
|a RU
|b 88-32116
|
| 035 |
|
|
|a (RuTPU)RU\TPU\book\194619
|
| 090 |
|
|
|a 179526
|
| 100 |
|
|
|a 20100422d1988 k y0rusy5003 ca
|
| 101 |
0 |
|
|a rus
|
| 102 |
|
|
|a RU
|
| 105 |
|
|
|a y z 001zy
|
| 200 |
1 |
|
|a Лингвистика текста и обучение чтению английской научной литературы
|f Л. И. Зильберман
|g Академия наук СССР (АН СССР) ;отв. ред. Р. Г. Синев
|
| 210 |
|
|
|a Москва
|c Наука
|d 1988
|
| 215 |
|
|
|a 158 с.
|d 22 см
|
| 320 |
|
|
|a Библиогр.: с. 155-157.
|
| 610 |
1 |
|
|a английский язык
|
| 610 |
1 |
|
|a тексты
|
| 610 |
1 |
|
|a лингвистика
|
| 610 |
1 |
|
|a научная литература
|
| 610 |
1 |
|
|a чтение
|
| 610 |
1 |
|
|a обучение
|
| 610 |
1 |
|
|a переводы
|
| 686 |
|
|
|a Ш143.21-9
|2 rubbk
|
| 700 |
|
1 |
|a Зильберман
|b Л. И.
|g Лариса Исаевна
|4 070
|
| 702 |
|
1 |
|a Синев
|b Р. Г.
|4 340
|
| 712 |
0 |
2 |
|a Академия наук СССР (АН СССР)
|2 stltpush
|3 (RuTPU)RU\TPU\col\722
|
| 801 |
|
0 |
|a RU
|b RuMRKP
|c 19950417
|g psbo
|
| 801 |
|
1 |
|a RU
|b 63413507
|c 20100422
|
| 801 |
|
2 |
|a RU
|b 63413507
|c 20101202
|g RCR
|
| 942 |
|
|
|c BK
|